| 000 | 00943nam a2200229Ia 4500 | ||
|---|---|---|---|
| 003 | GCL | ||
| 008 | 140319s9999 xx 000 0 ara d | ||
| 020 | _a6045376977 | ||
| 040 |
_aGCL / _cGCL |
||
| 082 | 0 | 4 |
_a320.953 _bم م |
| 100 | 1 | _aمحمد ابراهيم بسيونى | |
| 245 | 1 | 0 |
_aالمؤامرة الكبرى مخطط تقسيم الوطن العربى من بعد العراق / _cمحمد ابراهيم بسيونى |
| 260 |
_aالقاهرة : _bدار الكتاب العربى ، _c2004 |
||
| 300 |
_a184ص ؛ _c25 سم |
||
| 650 | 0 | 4 | _aحقوق الانسان |
| 650 | 0 | 4 | _aبغداد - تاريخ |
| 650 | 0 | 4 | _aالولايات المتحدة الامريكية - الاحوال الاقتصادية |
| 650 | 0 | 4 | _aالعالم العربى - الاحوال السياسية |
| 650 | 0 | 4 | _aالعالم العربى - تاريخ - العصر الحديث |
| 650 | 0 | 4 | _aاحداث 11 سبتمبر |
| 942 |
_2ddc _cBK |
||
| 999 |
_c51155 _d51155 |
||